La Pesca en las costas catalanas /
Colección:
San Jorge,
; núm. 23 (juliol 1956), pàg 10-16
Otros Autores:
Català-Roca, Francesc, 1922-1998
Materias:
Pesca -- Catalunya
Idioma:
Español
MARC
| LEADER | 00000naa a2200000 a 4500 | ||
|---|---|---|---|
| 003 | Arxiu | ||
| 005 | 20260324181506.0 | ||
| 008 | 160829s1956 spcaxx s spa c | ||
| 040 | |a AGDB | ||
| 100 | 1 | |a Luján, Néstor, |d 1922-1995 |9 25894 | |
| 245 | 1 | 3 | |a La Pesca en las costas catalanas / |c por Nestor Luján |
| 490 | |a San Jorge, |v núm. 23 (juliol 1956), pàg 10-16 | ||
| 500 | |a Reportatge gràfic de F. Català-Roca | ||
| 650 | |a Pesca |x Catalunya |9 32832 | ||
| 700 | 1 | |9 26722 |a Català-Roca, Francesc, |d 1922-1998 |e fotografies | |
| 773 | |t San Jorge. |g Núm. 23 (juliol 1956), pàg 10-16 | ||
| 901 | |a Arxiu | ||
| 942 | |n 1 |2 udc |c ART | ||
| 952 | |0 0 |1 0 |4 0 |6 REV511 |7 1 |9 66384 |a Arxiu |b Arxiu |d 2023-05-22 |l 0 |o Rev-511 |r 2023-05-22 00:00:00 |w 2023-05-22 |y ARXIU |z També disponible a Rev-525 | ||
| 999 | |c 46385 |d 46385 | ||